02056nam a2200337 a 450000100100000000500170001000800410002704000250006808200260009310000390011924501580015826000660031630000210038249000230040350000690042650001350049553300470063059000250067765100360070265100520073865100760079070000350086683000290090191000380093095201380096895202040110695201380131095201240144895201290157299900170170100002246720211207131150.0101011s1974 dr r 000 0 spa d aDO-SdBNPbspacBNPHU a972.9402bP349i, 19741 aPeña Batle, Manuel Arturo94629913aLa isla de la Tortuga :bplaza de armas, refugio seminario de los enemigos de España en Indias /cManuel Arturo Peña Batlle ; prólogo Manuel Aznar. aSanto Domingo :bSociedad Dominicana de Bibliófilos,c1974. a271 p. ;c24 cm.1 aCultura Dominicana aIncluye referencias bibliográficas y notas al pie de páginas aEstudio de algunas de las causas primeras y más importantes que determinaron la declinación del imperio español en América aFacsím.bMadridcCultura Hispanicad1951 aInventariado,2019/BT 0aTortura, Isla (Haití) 946300 4aEspañaxColoniaszAméricasxHistoria946301 4aIsla Española (Haiti Y República Dominicana{Rpara}xHistoria93888312aAznar, Manuel,epról.927761 0aCultura Dominicana91708 aValidado. Control de calidad. MFF 001054708DSaGRbGRcHDd2010-11-30iLF1l0o972.9402 P349i, 1974p22467-30r2020-06-25te.3w2020-06-25yLFDSZPréstamo en sala 001054708DSaGRbGRcHDd2010-11-30iLF1l0o972.9402 P349i, 1974p22467-40r2020-06-25te.4w2020-06-25yLFDSzPerteneció a la biblioteca personal de la familia Reyes Duluc.ZPréstamo en sala 001154708DSaGRbGRcMId2011-06-14iLF1l0o972.9402 P349i, 1974p22467-50r2020-06-25te.5w2020-06-25yLFDSZPréstamo en sala 0010718PDaPDbPDcHDd2010-10-11iLF1l0o972.9402 P349i, 1974p22467-10r2020-06-25w2020-06-25yLFPDZNo se presta 0010718PDaPDbPDcHDd2010-10-13iLF1l0o972.9402 P349i, 1974p22467-20r2020-06-25te.2w2020-06-25yLFPDZNo se presta c21965d21965